Countries Bordering Unknown Country #37 - Statistics

General Stats
  • This quiz has been taken 570 times
  • The average score is 6 of 6
Answer Stats
Bordering Country Answer % Correct
P Poland
99%
R Russia
99%
L Latvia
98%
L Lithuania
98%
U Ukraine
98%
Belarus
95%
No matching quizzes found
Score Distribution
Percent of People with Each Score
Percentile by Number Answered
Your Score History
You have not taken this quiz